| 000 | 00779nam a2200241 a 4500 | ||
|---|---|---|---|
| 999 |
_c10580 _d10580 |
||
| 001 | 10580 | ||
| 003 | BD-JhCC | ||
| 005 | 20180723124425.0 | ||
| 008 | 180723s2018 bg a|||| |||| 000 0 ben d | ||
| 020 | _a9844600373 | ||
| 035 | _a(BD-JhCC)10580 | ||
| 040 |
_aBD-JhCC _dBD-JhCC |
||
| 041 | _aben | ||
| 082 |
_a891.4409 _bUDD 2017 |
||
| 100 | _aউদ্দীন, জসীম | ||
| 245 |
_aযাঁদের দেখেছি / _cজসীম উদ্দীন |
||
| 260 |
_aঢাকা : _bপলাশ, _c২০১৮. |
||
| 300 |
_a৯৩ পৃ. : _c২১ সেমি. |
||
| 504 | _aইনডেক্স অন্তর্ভূৃক্ত | ||
| 650 | _aবাংলা সাহেত্যের লেখক | ||
| 650 | _aBengali Authors | ||
| 942 |
_2ddc _cBK |
||